00990nam a2200241 i 4500001000700000003000900007005001700016008004100033020001800074080001800092245024100110260003400351300004100385490003800426504002800464650003400492700002700526700002100553700002300574830003800597852004100635852007200676184233ES-MaACL20230906222125.0150526s1973 sp ao e |||| |dspa d a84-7017-392-8 a7:069(456.31)00aMuseos del Vaticano : bRoma / c[presentación de Paolo dalla Torre del Tempio di Sanguinetto ; prefacio de Dioclécio Redig de Campos ; textos de Gigetta dalli Regoli ... [et al.] ; traducción de Xavier Gispert, Máximo Cortini]. aBarcelona : bArgos, c[1973] a172 p. : bil. col., fot. ; c29 cm.1 aEnciclopedia de los museos ; v13 aBibliografía: p. 168. aMuseos-zCiudad del Vaticano.1 aDalli Regoli, Gigetta.1 aGispert, Javier.1 aCortini, Máximo.1 aEnciclopedia de los museos ; v13 aES-MaACLjE-15643 z- Enc. guaflex aES-MaACLjL-30418 z- Enc. guaflex z- Donat. Miguel A. Velasco